Posudzovanie zhody

Zákon č. 264/1999 Z.z. o technických požiadavkách na výrobky a o posudzovaní zhody. Prehľad posudzovania zhody s technickými požiadavkami v medzinárodnom obchode. Štruktúra posúdenia zhody. Inšpekcia. Skúšanie a kalibrácia. Certifikácia produktov. Certifikácia systémov riadenia. Systém riadenia kval...

Descrizione completa

Salvato in:
Dettagli Bibliografici
Autore principale: Šinková, Terézia
Natura: Capitolo di libro
Lingua:slovacco
Soggetti:
Tags: Aggiungi Tag
Nessun Tag, puoi essere il primo ad aggiungerne!!

MARC

LEADER 00000naa$a2200000$$$4500
001 0039820
005 20231108141017.0
041 0 |a slo 
044 |a SK 
245 1 0 |a Posudzovanie zhody  |c Terézia Šinková 
520 |a Zákon č. 264/1999 Z.z. o technických požiadavkách na výrobky a o posudzovaní zhody. Prehľad posudzovania zhody s technickými požiadavkami v medzinárodnom obchode. Štruktúra posúdenia zhody. Inšpekcia. Skúšanie a kalibrácia. Certifikácia produktov. Certifikácia systémov riadenia. Systém riadenia kvality podľa noriem radu ISO 9000. Systém riadenia bezpečnosti potravín - ISO 22000. 
610 2 0 |a posudzovanie zhody výrobkov 
610 2 0 |a požiadavky na výrobky 
610 2 0 |a zákony 
610 2 0 |a normy 
610 2 0 |a normy ISO 
610 2 0 |a normy kvality 
610 2 0 |a riadenie kvality 
610 2 0 |a bezpečnosť potravinová 
610 2 0 |a certifikácia 
610 2 0 |a ISO 9000 
610 2 0 |a ISO 22000 
100 1 |a Šinková, Terézia